Discours sur le plan quinquenal (Record no. 148153)

MARC details
000 -LEADER
campo de control de longitud fija 00849nam a2200217 4500
001 - NÚMERO DE CONTROL
campo de control 148153
003 - IDENTIFICADOR DE NÚMERO DE CONTROL
campo de control ES-MaACL
005 - FECHA Y HORA DE LA ÚLTIMA TRANSACCIÓN
campo de control 20240224063112.0
007 - CAMPO FIJO DE DESCRIPCIÓN FÍSICA--INFORMACIÓN GENERAL
campo de control de longitud fija t|
008 - DATOS DE LONGITUD FIJA--INFORMACIÓN GENERAL
campo de control de longitud fija 070214s1931 fr r ||||1| fre d
100 1# - ENTRADA PRINCIPAL--NOMBRE DE PERSONA
Nombre de persona Stalin, Iosif Vissarionovich,
Fechas asociadas al nombre 1879-1953
9 (RLIN) 107862
245 10 - MENCIÓN DEL TÍTULO
Título Discours sur le plan quinquenal
Resto del título : contenant les discours du 28 mai 1930 et du 23 juin 1931 /
Mención de responsabilidad, etc. Iosif Vissarionovich Stalin ; Traduit du russe par N. Trouhanova Ignatief ; avec deux préfaces de Georges Valois.
260 ## - PUBLICACIÓN, DISTRIBUCIÓN, ETC.
Lugar de publicación, distribución, etc. Paris :
Nombre del editor, distribuidor, etc. Valois,
Fecha de publicación, distribución, etc. 1931.
300 ## - DESCRIPCIÓN FÍSICA
Extensión 201 p. ;
Dimensiones 21 cm.
490 1# - MENCIÓN DE SERIE
Mención de serie Bibliothèque économique universelle
700 1# - ENTRADA AGREGADA--NOMBRE PERSONAL
Nombre de persona Trouhanova Ignatief, N.
9 (RLIN) 111522
700 1# - ENTRADA AGREGADA--NOMBRE PERSONAL
Nombre de persona Valois, Georges.
9 (RLIN) 112977
830 0# - PUNTO DE ACCESO ADICIONAL DE SERIE-TÍTULO UNIFORME
Título uniforme Bibliothèque économique universelle
9 (RLIN) 220980
852 ## - LOCALIZACIÓN
Ubicación ES-MaACL
Número de control de estantería A-499
Holdings
Estatus retirado Estado de pérdida Estado de daño No para préstamo Biblioteca de origen Biblioteca actual Ubicación en estantería Fecha de adquisición Fuente de adquisición Total de préstamos Signatura topográfica completa Código de barras Visto por última vez Precio de reemplazo Tipo de ítem Koha
        Biblioteca del Ateneo de Madrid Biblioteca del Ateneo de Madrid Sala Pecera Planta 1 17/01/2008     A-499 1154612 23/02/2023 23/02/2023 Libro impreso